000 01374nam0a22003011 4500
001 rc\3369629
005 20130115153203.9
021 _aRU
_b[69-26011]
035 _a(NLR Aleph) 007529354
090 _a7750142
_c7750142
100 _a20130115d1969 |||y0rusy50 ca
101 0 _arus
102 _aRU
105 _aa z |||||
200 1 _aРециркуляционная нагревательная установка типа ПАП-9
_fНауч.-исслед. ин-т информации по тяжелому, энерг. и трансп. машиностроению
210 _aМосква
_cБ. и.
_d1969
215 _a23 с.
_cил.
_d22
225 1 _a[Технология, организация и механизация процессов термической и химико-термической обработки и покрытия металлов]
_v13-69-3
300 _aАвт. указаны на обороте тит. л.: П.И. Тевис, В.А. Ананьев, В.М. Крюков
606 _aНагревательные лучи, рециркуляционные
_2psbo
700 1 _aТевис
_bП. И.
_gПетр Исаакович
701 1 _aАнаньев
_bВ. А.
701 1 _aКрюков
_bВ. М.
801 0 _aRU
_bNLR
_gpsbo
801 1 _aRU
_bELAR
_2rusmarc
852 _aNLR
_jП10/3455
942 _cBOOK
980 _aNB